000 00462pab a2200169 454500
008 180718b2013 xxu||||| |||| 00| 0 eng d
100 _aMishra, Snigdha
245 _aIs HR science of science in HR: Who say HR is not a pure physics?
260 _c2013
300 _ap.49-63.
362 _aApr-Jun
650 _aHuman resources
700 _aDubey, Sourabh Kumar
773 _aIndian Journal of Training and Development
908 _aN
909 _a101784
999 _c101782
_d101782